书目信息 |
| 题名: |
物理学(第五版)习题分析与解答
|
|
| 作者: | 马文蔚 主编 ;殷实 , 沈才康 , 包刚 编 | |
| 分册: | ||
| 出版信息: | 北京 高等教育出版社 2006.03 |
|
| 页数: | 333页 | |
| 开本: | 23cm | |
| 丛书名: | ||
| 单 册: | ||
| 中图分类: | O4-44 | |
| 科图分类: | ||
| 主题词: | 物理学--wu li xue--高等学校--解题 | |
| 电子资源: | ||
| ISBN: | 7-04-019207-1 | |
| 000 | 01144nam0 2200277 450 | |
| 001 | 012006132203 | |
| 005 | 20060928092949.96 | |
| 010 | @a7-04-019207-1@dCNY24.50 | |
| 100 | @a20060822d2006 km y0chiy0120 ea | |
| 101 | 0 | @achi |
| 102 | @aCN@b110000 | |
| 105 | @aa q 000yy | |
| 200 | 1 | @a物理学(第五版)习题分析与解答@Awu li xue(di wu ban)xi ti fen xi yu jie da@f马文蔚主编@Fma wen wei zhu bian@g殷实, 沈才康, 包刚编@Gyin shi,shen cai kang,bao gang bian |
| 210 | @a北京@c高等教育出版社@d2006.03 | |
| 215 | @a333页@c图@d23cm | |
| 330 | @a本书是为马文蔚主编的《物理学》(第五版)编写的习题解答。本书对教材中所有的习题进行了分析解答。在编写中,本书贯彻重分析、简解答的指导思想,力求通过对题目的分析,使学生在解题之前,对相关的物理规律有进一步的认识。 | |
| 333 | @a面向21世纪课程教材学习辅导书 | |
| 517 | 1 | @a物理学习题分析与解答@Awu li xue xi ti fen xi yu jie da |
| 606 | 0 | @a物理学@Awu li xue@x高等学校@j解题 |
| 690 | @aO4-44@v4 | |
| 701 | 0 | @a马文蔚@Ama wen wei@4主编 |
| 702 | 0 | @a殷实@Ayin shi@4编 |
| 702 | 0 | @a沈才康@Ashen cai kang@4编 |
| 702 | 0 | @a包刚@Abao gang@4编 |
| 801 | 0 | @aCN@c20060928 |
| 905 | @a10447@dO4-44@eM188 | |
| 物理学(第五版)习题分析与解答/马文蔚主编/殷实, 沈才康, 包刚编.-北京:高等教育出版社,2006.03 |
| 333页:图;23cm |
| 使用对象:面向21世纪课程教材学习辅导书 |
| ISBN 7-04-019207-1:CNY24.50 |
| 本书是为马文蔚主编的《物理学》(第五版)编写的习题解答。本书对教材中所有的习题进行了分析解答。在编写中,本书贯彻重分析、简解答的指导思想,力求通过对题目的分析,使学生在解题之前,对相关的物理规律有进一步的认识。 |
| ● |
| 相关链接 |
|
|
|
正题名:物理学(第五版)习题分析与解答
索取号:O4-44/M188
 
预约/预借
| 序号 | 登录号 | 条形码 | 馆藏地/架位号 | 状态 | 备注 |
| 1 | 220368 | 202203686 | 数理学院资料室/ [索取号:O4-44/M188] | 在馆 | |
| 2 | 220369 | 202203695 | 自科库401/401自科库 56排5列2层/ [索取号:O4-44/M188] | 在馆 | |
| 3 | 220370 | 202203702 | 自科库401/401自科库 56排5列2层/ [索取号:O4-44/M188] | 在馆 | |
| 4 | 220371 | 202203711 | 自科二线504/504自科库 42排2列4层/ [索取号:O4-44/M188] | 在馆 | |
| 5 | 220372 | 202203720 | 自科库401/401自科库 56排5列2层/ [索取号:O4-44/M188] | 在馆 | |
| 6 | 220373 | 202203739 | 自科二线504/504自科库 26排1列2层/ [索取号:O4-44/M188] | 在馆 | |
| 7 | 220374 | 202203748 | 自科库401/401自科库 56排5列2层/ [索取号:O4-44/M188] | 在馆 | |
| 8 | 220375 | 202203757 | 自科库401/401自科库 56排5列2层/ [索取号:O4-44/M188] | 在馆 | |
| 9 | 220376 | 202203766 | 自科库401/401自科库 56排5列2层/ [索取号:O4-44/M188] | 在馆 | |
| 10 | 220377 | 202203775 | 自科二线504/504自科库 43排5列5层/ [索取号:O4-44/M188] | 在馆 | |
| 11 | 220378 | 202203784 | 自科库401/401自科库 56排5列2层/ [索取号:O4-44/M188] | 在馆 | |
| 12 | 220379 | 202203793 | 自科二线504/504自科库 43排4列3层/ [索取号:O4-44/M188] | 在馆 | |
| 13 | 220380 | 202203800 | 自科库401/401自科库 56排5列2层/ [索取号:O4-44/M188] | 在馆 | |
| 14 | 220381 | 202203819 | 自科库401/504自科库 44排3列4层/ [索取号:O4-44/M188] | 在馆 | |
| 15 | 220382 | 202203828 | 自科库401/401自科库 56排5列2层/ [索取号:O4-44/M188] | 在馆 | |
| 16 | 220383 | 202203837 | 自科库401/401自科库 56排5列2层/ [索取号:O4-44/M188] | 在馆 | |
| 17 | 220384 | 202203846 | 自科库401/401自科库 56排5列2层/ [索取号:O4-44/M188] | 在馆 | |
| 18 | 220385 | 202203855 | 自科库401/401自科库 56排5列2层/ [索取号:O4-44/M188] | 在馆 | |
| 19 | 220386 | 202203864 | 自科库401/401自科库 56排5列2层/ [索取号:O4-44/M188] | 在馆 | |
| 20 | 220387 | 202203873 | 自科库401/401自科库 56排5列2层/ [索取号:O4-44/M188] | 在馆 | |
| 21 | 220388 | 202203882 | 自科库401/401自科库 56排5列2层/ [索取号:O4-44/M188] | 在馆 | |
| 22 | 220389 | 202203891 | 自科库401/401自科库 56排5列2层/ [索取号:O4-44/M188] | 在馆 | |
| 23 | 220390 | 202203908 | 自科库401/401自科库 56排5列2层/ [索取号:O4-44/M188] | 在馆 | |
| 24 | 220391 | 202203917 | 自科二线504/504自科库 43排4列3层/ [索取号:O4-44/M188] | 在馆 | |
| 25 | 220392 | 202203926 | 自科二线504/504自科库 44排6列1层/ [索取号:O4-44/M188] | 在馆 |